| 000 | 01842cam a22006014i 4500 | ||
|---|---|---|---|
| 003 | PE-LiUPU | ||
| 005 | 20250731170459.0 | ||
| 008 | 150616s1990 sp a r 000 0 spa d | ||
| 020 | _a0802410995 | ||
| 020 | _a9780802410993 | ||
| 035 | _a(Sirsi) i9780802410993 | ||
| 040 |
_aPE-LiUPU _bspa _cPE-LiUPU _dPE-LiUPU _erda |
||
| 049 | _aPRUA | ||
| 082 | 0 | 4 |
_a158.2 _bV82U _221 |
| 100 | 1 |
_aVoges, Ken, _eautor. |
|
| 245 | 1 | 0 |
_aUnderstanding how others misunderstand / _cKen Voges. |
| 264 | 1 |
_aChicago : _bMoody Press, _c1990. |
|
| 300 |
_a143 páginas : _bilustraciones ; _c27 centímetros |
||
| 336 |
_atext _2rdacontent |
||
| 337 |
_aunmediated _2rdamedia |
||
| 338 |
_avolume _2rdacarrier |
||
| 505 | 0 | _aEjercicios sobre las relaciones con las demás personas -- Relaciones con personas. | |
| 526 | _aSEG68 | ||
| 526 | _aSEG70 | ||
| 526 | _aSEG69 | ||
| 526 | _aSEG67 | ||
| 526 | _aSEG43 | ||
| 526 | _aP144 | ||
| 526 | _aP143 | ||
| 526 | _aP131 | ||
| 526 | _aP122 | ||
| 526 | _aP120 | ||
| 526 | _aP117 | ||
| 526 | _aP112 | ||
| 526 | _aP110 | ||
| 526 | _aP106 | ||
| 526 | _aP101 | ||
| 526 | _aP80 | ||
| 526 | _aP59 | ||
| 526 | _aP54 | ||
| 526 | _aP35 | ||
| 526 | _aP33 | ||
| 526 | _aP30 | ||
| 650 | 0 | 4 | _aRelaciones interpersonales - libro de ejercicios. |
| 700 | 1 |
_aRon Braund, _eautor. |
|
| 910 |
_ajck _bjvq _cjck |
||
| 942 |
_2ddc _cBOOK |
||
| 949 |
_a158.2 V82U _wDEWEY _c1 _i40537 _lCCODEBUL1 _mBUL _r0 _sY _tBOOK _u2015-6-16 _xTEOLOGIA _zUNKNOWN _0COMPRA _o.STAFF. Colección Ciencias de la Salud |
||
| 994 |
_aC0 _bPEPRU |
||
| 596 | _a1 | ||
| 999 |
_a158.2 V82U _wDEWEY _c58325 _i40537 _f2021-11-3 _g5 _lCCODEBUL1 _mBUL _p14.00 _r0 _sY _tBOOK _u2015-6-16 _xSALUD _zUNKNOWN _0COMPRA _o.STAFF. Colección Ciencias de la Salud _d58325 |
||
| 980 |
_81 _gALBERTO SANCHEZ Responsable de Automatización |
||